00734 2200253 4500001002100000005001700021008004100038020001800079035002400097040001200121082001100133090001800144100001900162245014200181250001000323260002600333300002200359500002700381650001800408850001200426990001400438990001400452990001400466YOGYA-0209000000193020090227020503.0 ind  a979-414-457-6 0010-020900000001930 aYOPDYOG a346.04 a346.04bAbd K aAbdurrahman, H aKetentuan-ketentuan pokok tentang masalah agraria, kehutanan, pertyambangan, transmigrasi, pengairan dan lingkungan hidupcH. Abdurrahman aCet.2 aBandungbAlumnic1992 ax, 230 hlmc21 cm aBibliografi : hlm. 230 aHukum agraria aYOPDYOG a95P006547 a95P006546 a95P006545